000 01318nam a22002177a 4500
003 OSt
005 20211004092903.0
008 150213b xxu||||| |||| 00| 0 eng d
020 _a0071376003
040 _cLC
050 _aHF5485.F69
100 _qFrazelle, Edward
245 _aWord-class warehousing and materials handling. /
_cEdward Frazelle
260 _aNew York:
_bMcGraw-Hill,
_c2002.
300 _aix, 241 p.
_bill. ;
500 _aIncludes index
505 _aContents: Why have a warehouse? -- Ware house activity profiling -- Measuring and benchmarking warehouse performance -- Receiving the putaway principles -- Pallet storage and retrieval systems -- Case picking systems -- Small item picking systems -- Order picking operations -- Unitizing and shipping -- Warehouse layout -- Computerizing warehouse operations -- Warehouse workforce and development --
520 _aPresents insights for planning and managing 21st-century warehouse operations. This title provides answers on such topics as: the seven principles of world-class warehousing; warehouse activity profiling; warehouse performance measures; warehouse automation and computerization; receiving and put away; and, storage and retrieval operations
653 _aWarehouses -- Management
_aMaterials handling
942 _2lcc
_cBK
999 _c7794
_d15294